Islamismo / (Registro nro. 60291)
[ vista simple ]
| 000 -LEADER | |
|---|---|
| fixed length control field | 00707nam a2200253 a 4500 |
| 001 - CONTROL NUMBER | |
| control field | 60291 |
| 005 - DATE AND TIME OF LATEST TRANSACTION | |
| control field | 20210115133150.0 |
| 008 - FIXED-LENGTH DATA ELEMENTS--GENERAL INFORMATION | |
| fixed length control field | 140415s2002 sp r 000 0 spa d |
| 020 ## - INTERNATIONAL STANDARD BOOK NUMBER | |
| International Standard Book Number | 8495334283 |
| 040 ## - CATALOGING SOURCE | |
| Description conventions | rda |
| 041 0# - LANGUAGE CODE | |
| Language code of text/sound track or separate title | spa |
| 082 0# - DEWEY DECIMAL CLASSIFICATION NUMBER | |
| Classification number | 297 |
| Item number | DIA |
| 100 1# - MAIN ENTRY--PERSONAL NAME | |
| Personal name | Díaz, Carlos, |
| Dates associated with a name | 1944- |
| Relator term | autor |
| 245 10 - TITLE STATEMENT | |
| Title | Islamismo / |
| Statement of responsibility, etc. | Carlos Díaz. |
| 250 ## - EDITION STATEMENT | |
| Edition statement | Primera edición |
| 264 #1 - PRODUCTION, PUBLICATION, DISTRIBUTION, MANUFACTURE, AND COPYRIGHT NOTICE | |
| Place of production, publication, distribution, manufacture | España : |
| Name of producer, publisher, distributor, manufacturer | Fundación Emmanuel Mounier, |
| Date of production, publication, distribution, manufacture, or copyright notice | 2002 |
| 300 ## - PHYSICAL DESCRIPTION | |
| Extent | 94 páginas ; |
| Dimensions | 18 cm. |
| 336 ## - CONTENT TYPE | |
| Content type term | texto |
| Source | rdacontent |
| 337 ## - MEDIA TYPE | |
| Media type term | sin mediación |
| Source | rdamedia |
| 338 ## - CARRIER TYPE | |
| Carrier type term | volumen |
| Source | rdacarrier |
| 490 0# - SERIES STATEMENT | |
| Series statement | Roja ; Colección Sinergia ; |
| Volume/sequential designation | 5 |
| 650 #4 - SUBJECT ADDED ENTRY--TOPICAL TERM | |
| Topical term or geographic name entry element | Islamismo |
| 942 ## - ADDED ENTRY ELEMENTS (KOHA) | |
| Classification part | 297 |
| Item part | DIA |
| Koha item type | Libro |
| Withdrawn status | Lost status | Source of classification or shelving scheme | Damaged status | Not for loan | Collection code | Home library | Current library | Shelving location | Date acquired | Source of acquisition | Inventory number | Total Checkouts | Full call number | Barcode | Date last seen | Date last checked out | Price effective from | Koha item type |
|---|---|---|---|---|---|---|---|---|---|---|---|---|---|---|---|---|---|---|
| Dewey Decimal Classification | General | Biblioteca Karol Wojtyla | Biblioteca Karol Wojtyla | Sala general | 03/12/2013 | Compra | 151000000000000000058610 | 1 | 297 DIA 2002 | 90839 | 05/01/2026 | 23/02/2023 | 31/05/2017 | Libro |